000 00707nam a22002537a 4500
001 2281
005 20231115102941.0
020 _a9788120732018
040 _aFISKH
_beng
_cFISKH
_dFISKH
050 _aPZ7
082 _a813.54
100 _aAnonymous
245 _aThe wild /
_cDISNEP'S
260 _aNew Delhi :
_bSterling,,
_c2006
300 _a23 unnumbered pages :
_billustrations
_c22x22 cm
505 _aK
520 _aWhen Samson the lion's son escapes from the zoo and into the wild, Samson must save him and live up to his fierce reputation.
521 _a600
_bLexile estimate
521 _aK
_bRaz-Plus
650 _aZoo
650 _aJungle
650 _aAnimals
942 _2ddc
_cBK
_n0
999 _c2281
_d2281